000
00339pam a2200157a 44500
008
230515b1993 xxu||||| |||| 00| 0 eng d
020
_a
NULL
041
_a
ENGLISH
082
_a
N.D.
100
_a
Desai Bipin c
245
_a
Database System
250
_a
0
260
_a
NULL
_b
Galgotia Pub.
_c
1993
300
_a
820
650
_a
NULL
999
_c
575355
_d
575355